Cities in Alberta - Statistics

General Stats
  • This quiz has been taken 21 times
  • The average score is 12 of 19
Answer Stats
Hint Answer % Correct
Calgary Metro Calgary
94%
Edmonton Metro Edmonton
88%
Central Red Deer
82%
Edmonton Metro St Albert
82%
Calgary Metro Airdrie
76%
Southern Lethbridge
76%
Southern Medicine Hat
76%
Northern Grande Prairie
71%
Edmonton Metro Spruce Grove
71%
Central Camrose
65%
Edmonton Metro Leduc
65%
Edmonton Metro Beaumont
59%
Edmonton Metro Fort Saskatchewan
59%
Southern Brooks
53%
Calgary Metro Chestermere
47%
North Cold Lake
47%
Central Lacombe
47%
Central Wetaskiwin
47%
Central Lloydminster
35%
No matching quizzes found
Score Distribution
Percent of People with Each Score
Percentile by Number Answered
Your Score History
You have not taken this quiz